000 00504nam a2200193Ia 4500
005 20250923144256.0
008 008 250917s9999 xx 000 0 eng d
037 _aTextual
040 _aDSWL
_beng
_cDSWL
041 _aeng
_2eng
084 _aY1, H0
_qDSWL
100 _aSutherland
_9823115
245 0 _aIntroductory sociology
_cby Sutherland
260 _aNew York
_c1940
300 _a863 p.
700 _aAu. Woodward
_9823116
942 _cTEXL
_hY1, H0
999 _c1436888
_d1436888